Normal view
MARC view
- INTERNET FOR DUMMIES
Entry Topical Term
001 - CONTROL NUMBER
- control field: 77627
003 - CONTROL NUMBER IDENTIFIER
- control field: NUST
005 - DATE AND TIME OF LATEST TRANSACTION
- control field: 20210628205942.0
008 - FIXED-LENGTH DATA ELEMENTS
- fixed length control field: 210628|| aca||aabn | a|a d
040 ## - CATALOGING SOURCE
- Original cataloging agency: NUST
- Transcribing agency: NUST
150 ## - HEADING--TOPICAL TERM
- Topical term or geographic name entry element: INTERNET FOR DUMMIES
670 ## - SOURCE DATA FOUND
- Source citation: Work cat.: (NUST): Baroudi, Carol Young, Margaret.Levine Levine, John.R 77626, The internet for dummies, 1997
